Telugu Hero By Their Nicknames - Statistics

General Stats
  • This quiz has been taken 211 times
  • The average score is 9 of 15
Answer Stats
Actor Nickname % Correct
Mahesh Babu Prince / Superstar
91%
Allu Arjun Bunny / Stylish Star
88%
Chiranjeevi Konidela Megastar
85%
Pawan Kalyan Power Star
85%
Ghanta Naveen Babu (Nani) Natural Star
72%
Junior NTR Young Tiger
59%
Nandamuri Balakrishna Yuvaratna / Natasimha
58%
Akkineni Nagarjuna King
56%
Ravi Teja Mass Maharaja
53%
Ram Pothineni Energetic Star
51%
Venkatesh Daggubati Victory
49%
Akkineni Naga Chaitanya Yuva Samrat
47%
Sai Dharam Tej Supreme Hero
34%
Prabhas Young Rebel Star
24%
Nithin Kumar Reddy Youth Star
7%
No matching quizzes found
Score Distribution
Percent of People with Each Score
Percentile by Number Answered
Your Score History
You have not taken this quiz